An introduction to complex analysis in several variables /

Enregistré dans:
Détails bibliographiques
Auteur principal: Hörmander, Lars (Auteur)
Format: Livre
Langue:anglais
Publié: Amsterdam : North-Holland, 1989
Édition:1.vyd.
Collection:North-Holland mathematical library Vol.7
Sujets:
Tags: Ajouter un tag
Pas de tags, Soyez le premier à ajouter un tag!

MARC

LEADER 00000nam a22000003a 4500
001 stu7834
005 20150617225807.5
008 950510s1989----ne------------------eng-d
020 |a 0-444-88446-7 
040 |a STU  |b slo 
041 0 |a eng 
044 |a ne 
080 |a 517.53/.55 
100 1 |a Hörmander, Lars  |4 aut 
245 1 |a An introduction to complex analysis in several variables /  |c [aut.] Hörmander,Lars 
250 |a 1.vyd. 
260 |a Amsterdam :  |b North-Holland,  |c 1989 
300 |a 254 s 
650 7 |a funkcie komplexnej premennej  |2 stusub 
650 7 |a diferenciálne rovnice  |2 stusub 
650 7 |a funkcionálna analýza  |2 stusub 
830 0 |a North-Holland mathematical library  |v Vol.7 
996 |b E79833  |c E*79833  |l EE03  |s P  |a 0  |w stu7834_0001